General principles and commercial law of Kenya / (Record no. 103)
[ view plain ]
| 000 -LEADER | |
|---|---|
| fixed length control field | 00727cam a22002172 4500 |
| 001 - CONTROL NUMBER | |
| control field | 0000000237 |
| 005 - DATE AND TIME OF LATEST TRANSACTION | |
| control field | 20151021151042.0 |
| 008 - FIXED-LENGTH DATA ELEMENTS--GENERAL INFORMATION | |
| fixed length control field | 070117s xx 000 0 eng d |
| 020 ## - INTERNATIONAL STANDARD BOOK NUMBER | |
| International Standard Book Number | 9966461094 : |
| Terms of availability | KES 715 |
| 040 ## - CATALOGING SOURCE | |
| Original cataloging agency | KABU |
| Transcribing agency | KABU |
| 100 1# - MAIN ENTRY--PERSONAL NAME | |
| Personal name | Hussain, Ashiq. |
| -- | 0000149947 |
| 245 10 - TITLE STATEMENT | |
| Title | General principles and commercial law of Kenya / |
| Statement of responsibility, etc. | Ashiq Hussain. |
| 260 ## - PUBLICATION, DISTRIBUTION, ETC. (IMPRINT) | |
| Place of publication, distribution, etc. | Nairobi : |
| Name of publisher, distributor, etc. | EAEP, |
| Date of publication, distribution, etc. | 2002. |
| 300 ## - PHYSICAL DESCRIPTION | |
| Extent | xiv, 351 p. |
| 650 #0 - SUBJECT ADDED ENTRY--TOPICAL TERM | |
| Topical term or geographic name as entry element | Commercial law |
| Geographic subdivision | Kenya. |
| -- | 0000153411 |
| 908 ## - PUT COMMAND PARAMETER (RLIN) | |
| Put command parameter | 070117 |
| 950 ## - LOCAL HOLDINGS (RLIN) | |
| -- | 1 |
| Withdrawn status | Lost status | Source of classification or shelving scheme | Not for loan | Home library | Current library | Date acquired | Total Checkouts | Total Renewals | Full call number | Barcode | Date last seen | Date last checked out | Price effective from | Koha item type |
|---|---|---|---|---|---|---|---|---|---|---|---|---|---|---|
| Library of Congress Classification | Kabarak, Main Campus | Kabarak, Main Campus | 21/10/2015 | 33 | 4 | KSK68 .H87 2002 c. 2 | 030795 | 20/04/2022 | 12/04/2022 | 21/10/2015 | General Collection | |||
| Library of Congress Classification | Kabarak, Main Campus | Kabarak, Main Campus | 21/10/2015 | 41 | 3 | KSK68 .H87 2002 c. 1 | 33942 | 03/11/2025 | 30/10/2025 | 21/10/2015 | General Collection | |||
| Library of Congress Classification | Kabarak, Nakuru City Campus | Kabarak, Nakuru City Campus | 21/10/2015 | 20 | 2 | KSK68 .H87 2002 | 005511 | 16/03/2020 | 06/03/2020 | 21/10/2015 | General Collection | |||
| Library of Congress Classification | Kabarak, Nakuru City Campus | Kabarak, Nakuru City Campus | 21/10/2015 | 12 | 5 | KSK68 .H87 2002 | 005743 | 03/08/2020 | 13/07/2019 | 21/10/2015 | General Collection | |||
| Library of Congress Classification | Kabarak, Nakuru City Campus | Kabarak, Nakuru City Campus | 21/10/2015 | 14 | 3 | KSK68 .H87 2002 | 003175 | 09/12/2022 | 02/12/2022 | 21/10/2015 | General Collection |